logo

Bir Sreshtho Munshi Abdur Rouf Library
Jhenaidah Cadet College

Five point someone : (Record no. 11360)

MARC details
000 -LEADER
fixed length control field 00860nam a2200289 a 4500
001 - CONTROL NUMBER
control field 11360
003 - CONTROL NUMBER IDENTIFIER
control field BD-JhCC
005 - DATE AND TIME OF LATEST TRANSACTION
control field 20221204134024.0
008 - FIXED-LENGTH DATA ELEMENTS--GENERAL INFORMATION
fixed length control field 190902s2004 ii 000 1 eng
010 ## - LIBRARY OF CONGRESS CONTROL NUMBER
LC control number 2004311249
020 ## - INTERNATIONAL STANDARD BOOK NUMBER
International Standard Book Number 8129104598 (cover)
025 ## - OVERSEAS ACQUISITION NUMBER
Overseas acquisition number I-E-2004-311249; 26
035 ## - SYSTEM CONTROL NUMBER
System control number (BD-JhCC)11360
037 ## - SOURCE OF ACQUISITION
Source of stock number/acquisition Library of Congress -- New Delhi Overseas Office
Terms of availability Rs95.00
040 ## - CATALOGING SOURCE
Original cataloging agency DLC
Transcribing agency DLC
Language of cataloging BD-JhCC
Modifying agency BD-JhCC
042 ## - AUTHENTICATION CODE
Authentication code lcode
050 00 - LIBRARY OF CONGRESS CALL NUMBER
Classification number MLCM 2004/00384 (P)
-- PR9499.3.B
082 ## - DEWEY DECIMAL CLASSIFICATION NUMBER
Classification number 823.92
Item number BAH 2004
100 1# - MAIN ENTRY--PERSONAL NAME
Personal name Bhagat, Chetan.
245 10 - TITLE STATEMENT
Title Five point someone :
Remainder of title what not to do at IIT, a novel /
Statement of responsibility, etc. by Chetan Bhagat.
260 ## - PUBLICATION, DISTRIBUTION, ETC.
Place of publication, distribution, etc. New Delhi :
Name of publisher, distributor, etc. Rupa & Co.,
Date of publication, distribution, etc. 2004.
300 ## - PHYSICAL DESCRIPTION
Extent 267 p. ;
Dimensions 21 cm.
500 ## - GENERAL NOTE
General note Novel.
650 ## - SUBJECT ADDED ENTRY--TOPICAL TERM
Topical term or geographic name entry element Indic fiction (English)
942 ## - ADDED ENTRY ELEMENTS (KOHA)
Source of classification or shelving scheme Dewey Decimal Classification
Koha item type Books
Koha issues (borrowed), all copies 27
Holdings
Withdrawn status Lost status Source of classification or shelving scheme Damaged status Not for loan Home library Current library Shelving location Date acquired Cost, normal purchase price Total Checkouts Full call number Barcode Checked out Date last seen Date last checked out Copy number Price effective from Koha item type
    Dewey Decimal Classification     JCC Rouf Library JCC Rouf Library General Stacks 09/02/2019 333.00 13 823.92 BAH 2004 15514 11/20/2023 10/26/2023 10/26/2023 C-1 09/02/2019 Books
    Dewey Decimal Classification     JCC Rouf Library JCC Rouf Library General Stacks 03/03/2021 425.00 30 823.92 BAH 2016 16557   11/12/2025 11/05/2025 C-2 03/03/2021 Books

JCC Library | Contacts | JCC Home

Last Update on 23 September 2017
Copyright @ 2017-2020 JCC Rouf Library
Rouf Library, Jhenidah Cadet College (JCC), Bangladesh